00593nam a2200169 a 450000100100000000500170001000800410002704000130006808200150008110000450009624500770014126000510021830000210026950000210029050000420031150000700035300000871520240305073652.0090918s1948 ck 001 0 spa d aDO-SdBNP axxxbR696r1 aRodríguez Demorizi, Emilio,d1908-198610aRubén Darío y sus amigos dominicanos /cEmilio Rodríguez Demorizi. aBogotá :bEdiciones Espiral Colombia,c1948. a284 p. ;c27 cm. aIncluye índice aIncluye notas al pie de las páginas aIncluye datos biográficos del autor en la solapa de la cubierta